000 00574cam a22002053a 4500
001 44582
003 PGUSA
005 20140828084022.0
008 140104s2014||||xxu|||||s|||||000 | eng d
040 _aPGUSA
_beng
042 _adc
100 1 _aBateson, William,
_d1861-1926
245 1 0 _aProblems of Genetics
_h[electronic resource] /
_cWilliam Bateson
260 _bProject Gutenberg,
_c2014
506 _aPublic domain in the USA.
516 _aElectronic text
830 0 _aProject Gutenberg
_v44582
856 4 0 _uhttp://www.gutenberg.org/ebooks/44582
942 _cEB
999 _c273833
_d273833